000 00525nam a2200181Ia 4500
999 _c16532
_d16532
003 OSt
005 20200606115936.0
008 190216s9999||||xx |||||||||||||| ||und||
020 _a8171500854
040 _cMESKC library
082 _a891.431
_bTIW/P
100 _aTiwari, Radhe Shyam
_9403
245 0 _aPrithvi Ke Paksh Mein /
_cRadhe Shyam Tiwari
260 _bEnthraprastha Prakashan,
_c2008.
_aDelhi:
300 _a328p
650 _aHindi
942 _cBK
_2ddc
_h891.431
_iTIW/P
_k891.431
_mTIW/P